Assignment and Thesis Writing / (Record no. 862)

000 -LEADER
fixed length control field 00747nam a2200253 a 4500
008 - FIXED-LENGTH DATA ELEMENTS--GENERAL INFORMATION
fixed length control field 191106r19702011ii ad||g |||| 00| 0 eng d
020 ## - INTERNATIONAL STANDARD BOOK NUMBER
International Standard Book Number 9788126530755
Terms of availability Rs. 395.00
040 ## - CATALOGING SOURCE
Original cataloging agency IMU Kochi Library
Language of cataloging eng
041 0# - LANGUAGE CODE
Language code of text/sound track or separate title eng
044 ## - COUNTRY OF PUBLISHING/PRODUCING ENTITY CODE
MARC country code India
082 04 - DEWEY DECIMAL CLASSIFICATION NUMBER
Edition number 23
Classification number 808.066
Item number An2311
100 1# - MAIN ENTRY--PERSONAL NAME
Personal name Anderson, Jonathan
245 10 - TITLE STATEMENT
Title Assignment and Thesis Writing /
250 ## - EDITION STATEMENT
Edition statement 4th ed.
260 ## - PUBLICATION, DISTRIBUTION, ETC. (IMPRINT)
Place of publication, distribution, etc New Delhi :
Name of publisher, distributor, etc Wiley India Pvt. Ltd. ,
Date of publication, distribution, etc 1970, reprinted 2011
300 ## - PHYSICAL DESCRIPTION
Extent xvii, 174 p. :
Other physical details ill. ;
Dimensions 22 cm.
504 ## - BIBLIOGRAPHY, ETC. NOTE
Bibliography, etc Includes Index.
650 #0 - SUBJECT ADDED ENTRY--TOPICAL TERM
Topical term or geographic name as entry element Dissertations; Report writing
General subdivision Academic
650 #0 - SUBJECT ADDED ENTRY--TOPICAL TERM
Topical term or geographic name as entry element Handbooks; manuals
General subdivision Research
700 ## - ADDED ENTRY--PERSONAL NAME
Personal name Poole, Millicent
Relator term Joint Author
852 ## - LOCATION/CALL NUMBER
Location IMU Kochi Library
904 ## - LOCAL DATA ELEMENT D, LDD (RLIN)
CATALOGER Akhil Bose
942 ## - ADDED ENTRY ELEMENTS (KOHA)
Item type Books
Holdings
Withdrawn status Lost status Source of classification or shelving scheme Damaged status Not for loan Collection code Permanent location Current location Shelving location Date acquired Source of acquisition Cost, normal purchase price Full call number Barcode Date last seen Koha item type Public note
          Non-fiction IMU Kochi Library IMU Kochi Library Fiction & General 2013-07-01 M/s Sterling Book House (Inv. No. 527 dt. 2013-06-17) 395.00 808.066 An2311 BK002447 2019-11-06 Books Shelf-19, Row-1


Copyright © All Rights Reserved by Indian Maritime University, Kochi Campus.
For any Suggestions/Query Contact to library or Email: library.kochi@imu.ac.in Ph:(0484)-2989402
(Web OPAC Designed by Rudra Ranjan. Maintained by IMU Kochi Library)

Powered by Koha